• 首页
  • 本馆介绍
  • 公告通知
  • 最新文献
  • 馆藏检索
  • 电子资源
  • 读者导购
  • 参考咨询
  • 我的图书馆
  • 登录
  • 详细信息显示
  • 放入我的书架
  • 预约/预借图书
  • 作者相关作品
  • 分类相关作品
  • 丛书相关作品
  • 出版社相关作品

书目信息

  • 表格格式
  • 工作单格式
  • 卡片格式
题名:
英汉分子生物学百科辞典
    
 
作者: 肯德鲁 , Kendrew 主编 ;本书翻译委员会翻 译
分册:  
出版信息: 上海   上海科学技术出版社  2004
页数: 1062页
开本: 28cm
丛书名:
单 册:
中图分类: Q7-61
科图分类:
主题词: 分子生物学--词典--英、汉
电子资源:
ISBN: 7-5323-7134-4
000 01058nam0 2200241 450
001 TS2006037481
005 20061205170528.75
010    @a7-5323-7134-4@b精装@dCNY230.00
100    @a20060829d2004 em y0chiy0110 ea
101 1  @achi@aeng
102    @aCN@b310000
105    @aafk e 000yy
200 1  @a英汉分子生物学百科辞典@AYing Han Fen Zi Sheng Wu Xue Bai Ke Ci Dian@f(英)约翰·肯德鲁主编@F(ying)yue han·ken de lu zhu bian@g本书翻译委员会翻译
210    @a上海@c上海科学技术出版社@d2004
215    @a1062页@c图,图版(8页)@d28cm
330    @a本书共含有5500多条长度不等的条目,以字母先后安排顺序,本书还按相关领域分类,列出本书的第5~7页。本书的目的是为分子生物学本身的核心论题提供一个全面、综合、简明的参考来源,同时本书也包括分子生物学曾为之作出巨大贡献的其他领域的一般背景材料
606 0  @a分子生物学@x词典@x英、汉
690    @aQ7-61@v4
701 A1 @a肯德鲁@AKen De Lu@b约翰@4主编
701 A1 @aKendrew@bJohn@4主编
712    @a本书翻译委员会翻@ABen Shu Fan Yi Wei Yuan Hui Fan@4译
801  0 @aCN@b中图数据@c20061205
905    @a10447@dQ7-61@e78
    
    英汉分子生物学百科辞典/(英)约翰·肯德鲁主编/本书翻译委员会翻译.-上海:上海科学技术出版社,2004
    1062页:图,图版(8页);28cm
    
    
    ISBN 7-5323-7134-4(精装):CNY230.00
    本书共含有5500多条长度不等的条目,以字母先后安排顺序,本书还按相关领域分类,列出本书的第5~7页。本书的目的是为分子生物学本身的核心论题提供一个全面、综合、简明的参考来源,同时本书也包括分子生物学曾为之作出巨大贡献的其他领域的一般背景材料
●
相关链接 在E读中查询图书 在五车中查询图书 在当当中查询图书 在豆瓣中查询图书


正题名:英汉分子生物学百科辞典     索取号:Q7-61/78         预约/预借

序号 登录号 条形码 馆藏地/架位号 状态 备注
1 0606140   206061401   第二样本阅览室/ [索取号:Q7-61/78] 在馆    
唐山师范学院图书馆 欢迎您!
大连网信软件有限公司© 版权所有